01015nam a22002777a 45000010005000000030006000050050017000110080041000280200018000690400029000870500017001160820013001331000014001462450036001602600043001963000043002394900023002825050008003055200152003135210029004655210020004946500053005146500068005676500060006357000042006958216FISKH20250903100310.0250903b cb ||||| |||| 00| 0 eng d a9780516273365 aFISKHbengcFISKHdFISKH aGV865.R6 M37 a 796.357 aMara, Wil aJackie Robinson /cBy Wil Mara  aNew York : bChildren's Press ,c2002. a31 pages : billustrations ;c18 cm .  aRookie Biographies aK  aBrief text chronicles the life of the Hall of Fame baseball player who, in 1947, became the first African American to play for a major league team.8 a510 bLexile estimate 8 aK bRaz-Plus  aRobison, Jackie, 1919-1972vJuvenile Literature  aBaseball players- United States-BiographyvJuvenile Literature  aAfrican American baseball playersvJuvenile Literature  aAnderson, CarolineePhoto Researcher